00613nam a22002057a 450000500170000001000130001702000220003003500130005203700160006504000120008108200170009310000180011024500810012826000380020927000670024730000280031465000160034265000310035870000180038920170124110002.0 aA-573425 c00.00a8185072809 aA-573425 bCen Lib/Ret aDPLbEN a362.855bRAJ aRajinder Kaur aDevelopment programme for rural women /cby Rajinder Kaur [and] Ranjit Singh aAllahabadbVohra Publishersc1992 a36. M. G. Marg (Behind Kalpana Talkies) Civil LinesbAllahabad axii,215p.c21cmHb)bill aRural women aWomen in rural development aSingh, Ranjit